The Red Soil: (Record no. 193595)
[ view plain ]
| 000 -LEADER | |
|---|---|
| fixed length control field | 00592nam a22002057a 4500 |
| 005 - DATE AND TIME OF LATEST TRANSACTION | |
| control field | 20221104122932.0 |
| 010 ## - LCCN (DPL NO) | |
| LC control number | A-140616 |
| 020 ## - INTERNATIONAL STANDARD BOOK NUMBER | |
| Terms of availability | 00.00 |
| International Standard Book Number | 0-7069-1961-0 |
| 035 ## - SYSTEM CONTROL NUMBER | |
| System control number | A-140616 |
| 037 ## - SOURCE OF ACQUISITION | |
| Source of stock number/acquisition | BPPD |
| 082 ## - DEWEY DECIMAL CLASSIFICATION NUMBER | |
| Classification number | N |
| 100 ## - MAIN ENTRY--PERSONAL NAME | |
| Personal name | Awasthy, Rajendra |
| 245 ## - TITLE STATEMENT | |
| Title | The Red Soil: |
| Statement of responsibility, etc | by Rajendra Awasthy, tr. by Shrawan kumar |
| Remainder of title | A Novel/ |
| 260 ## - PUBLICATION, DISTRIBUTION, ETC. (IMPRINT) | |
| Place of publication, distribution, etc | U.P. |
| Name of publisher, distributor, etc | Vikas Publising House Pvt. Ltd. |
| Date of publication, distribution, etc | 1982 |
| 270 ## - ADDRESS | |
| City | Ghazibad |
| Postal code | 201010 |
| Address | Vikas house, 20/4 Industrial area, Shahihbad |
| 300 ## - PHYSICAL DESCRIPTION | |
| Extent | 134p. |
| Dimensions | 21cm(pbk) |
| 500 ## - GENERAL NOTE | |
| General note | A Novel |
| 700 ## - ADDED ENTRY--PERSONAL NAME | |
| Personal name | Shrawan Kumar |
| 942 ## - ADDED ENTRY ELEMENTS (KOHA) | |
| Source of classification or shelving scheme | Dewey Decimal Classification |
| Item type | English Books |
| Classification part | N |
| Call number suffix | AWA |
| Withdrawn status | Lost status | Not for loan | Collection code | Home library | Current library | Date acquired | Cost, normal purchase price | Full call number | Barcode | Cost, replacement price | Koha item type |
|---|---|---|---|---|---|---|---|---|---|---|---|
| Fiction | Shahdara Branch | Shahdara Branch | 04/11/2022 | 0.00 | N AWA | A-140616 | 0.00 | Children Books |
